[Event "Beersheba 16th"]
[Site "Beersheba"]
[Date "1997.02.24"]
[Round "1"]
[White "Kortschnoj, Viktor Lvovich"]
[Black "Rozentalis, Eduardas"]
[Result "0-1"]
[WhiteElo "2635"]
[BlackElo "2650"]
[Annotator "Tyomkin,D"]
[PlyCount "72"]
[EventDate "1997.02.24"]
[EventType "tourn"]
[EventRounds "11"]
[EventCountry "ISR"]
[EventCategory "12"]
[SourceTitle "CBM 058"]
[Source "ChessBase"]
[SourceDate "1997.06.01"]
[SourceVersion "1"]
[SourceVersionDate "1997.06.01"]
[SourceQuality "1"]

1. Nf3 {Petursson} Nf6 2. c4 e6 3. d4 b6 4. g3 Bb7 5. Bg2 Be7 6. Nc3 Ne4 7. Bd2
f5 8. d5 Bf6 9. Qc2 Qe7 10. Nxe4 $6 $146 {As usually Kortschnoj tries new ways
in the opening. I think that 10.Nxe4 is an unsuccesfull experiment.} (10. O-O {
and 10.Rd1 played many times before}) 10... fxe4 11. Qxe4 Bxb2 $6 (11... exd5
$1 12. Qxe7+ (12. Qf4 Na6 $1 (12... dxc4 13. Qxc7 d5 14. Qxe7+ Kxe7 15. Bc3 {
[%csl Yd4]} d4 16. Bb4+ {Black doesn't have good place for K}) 13. Nd4 O-O (
13... g5 14. Qe3) 14. Nf5 Qc5 $15 (14... Qe6 15. Nd4 Qe7 $11)) 12... Kxe7 13.
cxd5 (13. Bg5 dxc4) 13... Bxd5 $15) 12. Rb1 Bf6 13. Nd4 Bxd4 $6 (13... O-O $2
14. Bb4) (13... Na6 $142 $5 14. Nb3 O-O $15) 14. Qxd4 e5 15. Qg4 d6 16. c5 $1
O-O (16... dxc5 $6 17. d6 cxd6 18. Bg5 Qf7 19. Bxb7 Qxb7 20. Qe6+ Kf8 21. Qxd6+
Kf7 22. O-O h6 (22... Re8 23. Qxc5) 23. f4 $5 (23. Be3 Qe4 24. Rb3 $44 {
[%cal Gf2f3]}) 23... e4 (23... hxg5 24. fxg5+ Ke8 25. Rbd1 $18) 24. f5 hxg5 25.
Qg6+ Kg8 26. f6 Qf7 (26... Na6 27. fxg7 Rh7 28. Rf8+ $2 Rxf8 29. Qxh7+ (29.
gxf8=R+ Kxf8 30. Rf1+ Rf7 31. Qh6+ Kg8 $11) 29... Kxh7 30. gxf8=Q $18) 27. Qxe4
gxf6 28. Qxa8 Kg7 $14 (28... Qe7 $5)) 17. c6 (17. cxd6 $5 cxd6 18. O-O Na6 19.
a4 $13 {[%cal Ga4a5]}) 17... Bc8 18. Qa4 a5 $15 {[%cal Gb8a6,Ga6c5]} 19. O-O
Na6 20. Qa3 e4 21. Qe3 Bf5 22. Bc3 Rae8 23. Rbd1 Qf7 24. Qd4 Nc5 25. Qc4 (25.
f4 e3 (25... exf3 26. exf3 Re2 27. Rf2 Rfe8 28. Rxe2 Rxe2 29. Re1 Rxe1+ 30.
Bxe1 Qf6 $11) 26. h3 (26. Rf3 $2 Re4 {[%csl Rd4]}) (26. Bf3 Re7 $1 $15 {
[%cal Ge7g7,Gf8e8,Gf5e4]} (26... Be4 $6 27. Bh5 Bg6 28. Bxg6 Qxg6 (28... hxg6
$5) 29. f5 $132)) 26... Be4 $15) 25... Qh5 {[%cal Gf5h3]} 26. Bd4 Bh3 27. f4
exf3 28. exf3 Bxg2 29. Kxg2 Re7 30. Rd2 Rfe8 31. Rff2 Qg5 32. Bc3 $2 {[%cal
Ge7e3] white missed control on <->e} (32. Rde2 $142 h6 {[%csl Rd5][%cal Ge7e2]}
33. Rxe7 Rxe7 34. Rb2 {[%cal Rd4c5]} Qf5 35. Bxc5 bxc5 36. g4 $132) 32... h6
33. Qd4 (33. Bd4 $142 {with idea to have possibility to change Nc5}) 33... Qg6
$17 34. h4 $2 {[%csl Rg3]} Re3 35. h5 {White destroyed his position in few
moves} (35. Ba1 Nd3 $19) (35. Rd1 {Petursson} Nd3 (35... Ne4 $2 36. Qxe3 Qxg3+
37. Kf1 $18) 36. h5 Qh7 37. Rff1 Re2+ 38. Kh1 Ne5 $15) 35... Qg5 $19 {[%cal
Gc5e4] The white's position is unprotected Suddenly White has no defence
against a very strong threat. It is very important to protect the rook on e3
with the queen!} 36. Rd1 (36. Rc2 Ne4 (36... Rd3 $19) 37. fxe4 Rxg3+ 38. Kf1
Rg1+ 39. Ke2 Qg4+ 40. Kd3 Rg3+ 41. Kd2 Rxe4 $19) 36... Ne4 (36... Ne4 37. fxe4
Rxg3+ 38. Kf1 Rg1+ 39. Ke2 Qg4+ {]}) 0-1

[Event "Gibraltar Masters 10th"]
[Site "Caleta"]
[Date "2012.02.02"]
[Round "10"]
[White "Polgar, Judit"]
[Black "Kortschnoj, Viktor Lvovich"]
[Result "1-0"]
[WhiteElo "2710"]
[BlackElo "2558"]
[Annotator "Likavsky,T"]
[PlyCount "131"]
[EventDate "2012.01.24"]
[EventType "swiss"]
[EventRounds "10"]
[EventCountry "ENG"]
[SourceTitle "CBM 147"]
[Source "ChessBase"]
[SourceDate "2012.03.16"]
[SourceVersion "1"]
[SourceVersionDate "2012.03.16"]
[SourceQuality "1"]

1. e4 e6 2. d4 d5 3. Nc3 Nf6 4. e5 Nfd7 {White has won some space, but Black
can evolve counterplay - that's the French Defence.} 5. Nce2 {[%cal Gc2c3]
Intending to keep the pawn chain, though slowing down the development. This
move is having a revival it seems.} (5. f4 {is main line.}) 5... c5 6. c3 cxd4
{Black wants to start to undermine the opponent's centre with f6, but he can
not to do it immediately due Nf4.} ({The normal} 6... Nc6 {allows White to
build up the pawn chain on the kingside too; e.g.:} 7. f4 Qb6 8. Nf3 f6 9. g3
$5 Be7 10. Bh3 {[%cal Gh3e6]}) ({Therefore a more sophisticated try is} 6...
Qb6 {if we want to compare the example here above.} 7. f4 Be7 8. Nf3 f6 9. g3
$6 (9. f5 $5) 9... O-O {[%csl Rd4,Re5,Rf2,Rf3][%cal Gf6e5,Gc5d4] and} 10. Bh3 {
[%cal Gh3e6,Yb6e6] makes no sense.}) (6... f6 $2 7. Nf4 {[%cal Gf4e6,Gd1h5]})
7. cxd4 f6 8. exf6 {To give the centre back is safe and not bad at least at
this moment.} ({After} 8. Nf4 {can Black solve his problems with} Bb4+ 9. Bd2
Bxd2+ ({or} 9... Qb6) 10. Qxd2 Qe7) ({And after} 8. f4 {(in the spirit of the
White's plan, but it looks risky to me). The White Lady could find herself in
Black's preparation because she had already played 8.f4...} fxe5 (8... Be7) 9.
fxe5 Bb4+ (9... Qh4+ $5) 10. Kf2 O-O+ 11. Nf3 Nc6 12. a3 Ndxe5 (12... Qh4+ $1
13. Kg1 Rxf3 14. gxf3 Ndxe5 15. Ng3 Nxd4 16. axb4 Nexf3+ 17. Kg2 e5 $40 {
1/2 Nikel,B (2289)-Siewert,W (2278)/Chessfriend.com 2005/Corr 2008 (49)}) 13.
axb4 Qh4+ 14. Kg1 Nxf3+ 15. gxf3 Rxf3 16. Ng3 Nxd4 17. Bg2 Rf7 $44 {1-0 Polgar,
J (2658)-Hernandez,G (2560)/Merida 2000/CBM 078 (32)} (17... Ne2+ $5)) 8...
Nxf6 9. Nf3 Nc6 10. Nc3 {[%csl Re5] There is a hole on e5. However, Black
should be more or less ok, if this N moves up and then down...} Bd6 11. Bd3 O-O
12. O-O Qe8 {Of course, Black has many moves here... and the choice of Mr
Korchnoi would not surprise anybody from his fan club and never ever me. I
like his aggressive style. And the flank operation is logical with the closed
centre. (Black only can decide to open it with e6-e5, but will not want in the
chosen setup.)} ({Another setup - to rid of the weak e-pawn and move} 12... e5
$5 {is possible naturally, though it' just play for draw. And White is a bit
better.} 13. dxe5 Nxe5 14. Be2 $14 {[%csl Rd5]}) 13. Re1 Qh5 14. Be2 (14. h3 {
is more common.}) 14... Qg6 15. Ng5 $6 {This looks like a waste of time.} (15.
a3) 15... h6 $1 16. Bd3 Qe8 $6 ({Why not} 16... Qh5 $1 17. Qxh5 (17. Bh7+ Kh8
18. Qxh5 Nxh5 19. Bg6 hxg5 20. Bxh5 Nxd4 {is pretty ok for Black.}) 17... Nxh5
18. Nxe6 Re8 19. Bg6 Rxe6 20. Rxe6 Bxe6 21. Bxh5 Nxd4 $11) 17. Nf3 Qh5 18. h3 {
[%csl Rg6][%cal Gh6g5] Interesting, we have the same position as after 14.h3,
but with the pawn on h6. Anyway I hardly can extrapolate that this was the
idea of one of the players...} Bd7 19. a3 {White has the better pawn stucture,
so Black has to act...} g5 $5 {[%csl Rg8][%cal Gg5g4] You can shout: "wow!",
but it is not so criminal (maybe just a little). Remember, the centre is
closed...} 20. Nb5 $1 {[%cal Gb5d6,Yb5d4] Ouch, Judit found an exact sequence
to solve her problems with chances to claim an advantage.} (20. Qc2 Kg7 21. Nb5
(21. Ne5 $2 Nxd4) {allows} 21... g4 $13) 20... Bb8 (20... g4 $143 21. Nxd6 gxf3
22. Bc2 {[%cal Gd1d3]} (22. Be3 $5 {[%cal Yd1h5,Rf3g2] and the white K is not
in real trouble yet.})) 21. Qc2 $1 {Avoiding Q exchange} Kg7 22. Ne5 $1 {
No more g5-g4.} Nxe5 23. dxe5 Ne4 24. Bxe4 Bxb5 25. Qb3 $6 (25. a4 $142 $1 $16
{[%cal Ya1a3]} Bd7 (25... Bc6 26. Bd3 {[%csl Rg7][%cal Yc2h7]}) (25... Ba6 26.
Bf3 $1 Rxf3 27. gxf3 {[%csl Ra8,Rb8,Rg7][%cal Ga1a3]}) 26. Bd3 {[%cal Yc2h7]} (
26. Bf3 $5 Rxf3 $5 27. gxf3 Qxh3 28. Ra3 {[%csl Ra8,Rb8,Rg7]})) 25... dxe4 $2 (
{Black coud play the very strong move} 25... a6 $142 $1 {[%cal Ga6b5,Yb8a7]}
26. a4 {[%csl Rb4]} Bc4 $1 27. Qxb7+ Qf7 {[%cal Gf7f2]} 28. Qxf7+ Rxf7 29. Bf3
Ba7 30. Be3 Rb8 $44) (25... Bc4 $143 26. Qxb7+ Qf7 27. Qxf7+ Rxf7 28. Bf3 a5
29. Bd2 $14) 26. Qxb5 Qf7 27. Be3 a6 28. Qb4 Bxe5 29. Qxe4 $16 {[%csl Re6,Rg7]}
Bf6 30. Rad1 Rad8 31. Bc5 $1 Rfe8 32. Rxd8 Rxd8 (32... Bxd8 33. Bd4+ Bf6 34.
Bxf6+ Kxf6 35. Re3 {[%csl Rf6]}) 33. Qxe6 {Winning the e6P and making the
transition to an endgame.} Qxe6 34. Rxe6 $16 {White is a pawn up, however she
still has a long way to go before signing the score sheets. It would be good
to exchange the rooks for her. Black should try to exchange the pawns on the
queenside and possibly the bishops (under reasonable circumstances).} Rd5 (
34... Bxb2 $5 {[%csl Ra3,Ra8][%cal Ra3a8] with the drawish idea White K, Pa3,
B /Black B} 35. Re7+ Kg6 36. Rxb7 {[%cal Gb7b2,Gb7b6,Yb6a6,Yb6h6]} Rd1+ 37. Kh2
Be5+ $1 {tempo} 38. g3 Rd5 39. Rb6+ Kf5 40. Rc6 (40. Be3 Rd6) (40. Bf8 Rd2)
40... h5 {and Black has improved the material structure on the board. The
question is if his pawns are not too weak now...} 41. Kg2 g4 (41... a5 42. Be3
Bd6 (42... g4 $2 43. Rh6) 43. a4 g4 44. hxg4+ (44. Bb6 $5) 44... hxg4 45. Rc4
Rd3 46. Bb6 Rd5) 42. hxg4+ hxg4 43. a4 a5 (43... Bf6 $5 44. Be3 Ra5 45. Rc4 Bg5
46. Bc5) 44. Be3 Bf6 45. Rc4 Bg5 46. Bb6 Bh6 {White is again still very far
from the victory.}) 35. b4 $1 Rd1+ 36. Kh2 h5 37. g4 $1 {[%csl Rg5][%cal Yc5e3,
Ye3g5]} hxg4 38. hxg4 Rd3 39. a4 Kf7 40. Rb6 {It's always right to drag the
opponents piece to a passive positon.} Rd7 41. Kg2 Bd8 42. Rh6 Kg7 43. Re6 Kf7
44. Re5 Bf6 45. Re3 Bd8 46. a5 $1 {[%csl Ra6,Rb7,Yc5] Black can not exchange
the queenside pawns and the white B has a strong outpost now.} Rd5 47. Kf3 $1
Bf6 48. Ke4 $1 {[%csl Ye4] K belongs in the centre!} Ke6 49. Rh3 Rd7 50. Rh1
Kf7 51. Rh7+ Bg7 52. Rh3 Ke6 53. Rd3 $1 $18 {[%cal Gd3d7,Yd3d6]} Rxd3 $8 (53...
Rc7 54. Rd6+ Kf7 55. Kf5) 54. Kxd3 Kd5 55. Be7 Bh6 56. f3 Ke6 57. Bc5 Bg7 58.
Be3 Bf6 59. Kc4 Kd6 60. f4 gxf4 61. Bxf4+ Ke6 62. g5 {Please imagine this
position without the b-pawns. Black could draw by taking on g5. Look the line
34...Bxb2.} Bd8 63. Be3 Bc7 64. g6 Kf6 65. Kd5 Bg3 66. Bc5 {[%cal Gg6g7,Gd5e6,
Ge6d7,Gd7c8]} 1-0

[Event "Leonid Stein Memorial"]
[Site "Lvov"]
[Date "2000.05.19"]
[Round "7"]
[White "Kortschnoj, Viktor Lvovich"]
[Black "Krasenkow, Michal"]
[Result "1/2-1/2"]
[WhiteElo "2659"]
[BlackElo "2661"]
[Annotator "Krasenkow,M"]
[PlyCount "84"]
[EventDate "2000.05.12"]
[EventType "tourn"]
[EventRounds "10"]
[EventCountry "UKR"]
[EventCategory "17"]
[SourceTitle "CBM 077"]
[Source "ChessBase"]
[SourceDate "2000.07.27"]
[SourceVersion "1"]
[SourceVersionDate "2000.07.27"]
[SourceQuality "1"]

1. d4 {Kortschnoj} Nf6 2. c4 g6 3. Nc3 d5 4. e3 Bg7 5. Qb3 {This line is quite
harmless if Black plays correctly; however, like in other rare lines, not
everybody remembers what the correct reaction is.} e6 6. Qa3 {'!?' Kortschnoj.
Preventing Black's castling; however, the position of the white queen is not
very good here.} c6 {Manoeuvres like Nb8-c6-e7 justify White's play.} (6... Bf8
$6 {Kortschnoj} 7. Qa4+ Bd7 8. Qb3 $14) 7. Nf3 a5 $1 {8...dxc4 is now
threatened.  Kortschnoj: 'Black creats a serious threat: dxc4, Bxc4 b5, Be2,
b4.'} 8. b3 (8. cxd5 exd5 9. Bd3 Na6 10. O-O Nb4 11. Bb1 b6 12. Qa4 O-O 13. a3
Bb7 14. Qb3 Na6 15. Bd2 {1/2-1/2 Gulko,B-Hansen,C/Roma 1988}) (8. c5 Nbd7 {
[%csl Ra3][%cal Ye6e5]} 9. b4 {[%cal Rb4b5]} (9. Be2 {Kortschnoj} O-O 10. O-O
e5 11. b4 $13) 9... b5 $5) 8... Na6 {[%cal Ya6b4,Yc6c5]} (8... Ne4 $5 {
Kortschnoj}) 9. Be2 (9. Bd2 $5 Nb4 10. Rc1 O-O 11. Be2 b6 (11... dxc4 12. bxc4
c5 13. O-O $5) 12. Na4 Na6 13. c5 bxc5 14. Nxc5 Nxc5 15. Rxc5 Qe7 (15... a4 $1
$13 {to destroy White's queenside pawns}) 16. Qa4 (16. Bb4 $5) 16... Ne4 17.
Rxa5 Rxa5 18. Qxa5 Qb7 19. Bb4 Re8 20. a3 Bd7 21. Qa6 Qxa6 22. Bxa6 Ra8 23. Bd3
Bf8 {Krizsany,L-Wapner,J/Budapest FS03 IM-A 1994/1-0 (55)}) 9... Ne4 10. Na4 $5
{The b6 square is weakened so this knight is not placed badly here.} (10. Qb2
Nac5 $1 (10... Nxc3 {Kortschnoj} 11. Qxc3 Nc5 $11)) 10... Nb4 11. Qb2 {[%cal
Ra2a3]} c5 $5 {[%csl Rd4][%cal Yb4c6,Rc6d4]} 12. O-O {White should urgently
complete his development, otherwise he will be in trouble:} (12. cxd5 exd5 13.
Bb5+ Bd7 14. Bxd7+ (14. Qe2 Nc2+ $1 15. Qxc2 Bxb5 16. Nxc5 $2 Rc8) 14... Qxd7
15. Qe2 Qc6 $1 16. Bb2 (16. O-O b5 $17) (16. a3 cxd4 $1 17. axb4 dxe3 $1 $17)
16... c4 $17 {[%cal Rb7b5,Rb4d3]}) 12... O-O 13. Rd1 cxd4 {Black doesn't want
to allow his opponent to properly rearrange his pieces, e.g.} (13... b6 14. a3
Nc6 15. Qc2 {[%cal Yc1b2]}) 14. exd4 dxc4 15. bxc4 Bd7 {'!?' Kortschnoj.} 16.
Nc3 Nxc3 17. Qxc3 Ba4 $1 18. Rd2 $8 {Kortschnoj: 'The only move.'} (18. Rf1 {
(Kortschnoj) loses to} Nc2) 18... Qc7 19. Ba3 {Kortschnoj: 'It is more or less
forced.'} (19. a3 Nd5 20. Qb2 Ne7 {[%csl Rc4,Rd4][%cal Ye7f5,Yf5d6] Kortschnoj:
'- black certainly stands better.'} (20... Nf4 $143 21. Bf1 Rfd8 22. g3) (20...
Nb6 {Kortschnoj})) (19. Bb2 Rfc8 $1 20. Qa3 (20. a3 Nd5) 20... Be8) 19... b5 {
Black sacrifices a pawn but a pair of bishops and weakness of the white d4
pawn will guarantee him a good compensation in the endgame.} 20. Bxb4 axb4 21.
Qxb4 bxc4 22. Qxc4 Qxc4 23. Bxc4 Rfd8 {Kortschnoj: 'Black has full
compensation for a pawn.'} 24. Re1 Ra5 $6 {Black wrongly thought he could
reach the draw in many ways.} (24... Bc6 $1 {was correct} 25. Ne5 Bd5 {
Kortschnoj: 'Here'} 26. Bxd5 {Kortschnoj: 'does not work due to'} (26. Bb3 {
does not work due to} Bxb3 27. axb3 Bxe5 {(Kortschnoj)}) 26... Rxd5 $11 {
[%csl Ra2,Rd4]}) 25. Bb3 $1 Bc6 {'?!' Kortschnoj. Alas, with his pawn on b3
White obtains some winning chances:  Kortschnoj: 'Here exchange on b3 would
lead to rather fast equalizing of chances.'} (25... Bxb3 26. axb3 Rb5 27. Rd3
Rb4 28. Kf1 Rdb8 29. Rb1 $14 {[%cal Yf1e2,Ye2c2]}) 26. Red1 {'!' Kortschnoj.}
Bh6 27. Re2 Bg7 $6 {White hardly has any winning chances after} (27... Bxf3 28.
gxf3 Bf4 29. Re4 Bd6) 28. Ne5 {As a result of Black's inaccurate play, the
white knight has occupied an important central square.} Ba4 {Admitting his
mistake.} 29. f4 Bxb3 30. axb3 Rb5 31. Rd3 f6 {'?!' Kortschnoj. As Kortschnoj:
'A dubious move.'} (31... Bxe5 32. fxe5 $1 {is now clearly unfavourable for
Black, he decides on the text move, which closes down his bishop and weakens
his king.}) ({After} 31... g5 {Kortschnoj} 32. g3 gxf4 33. gxf4 Rbd5 {black
would soon recapture a pawn with any problem.}) 32. Nc6 Rd6 33. d5 $1 {'?!'
Kortschnoj. White gives back his weak pawn but now his knight will be stronger
than the black bishop. Kortschnoj: 'Too optimistic.'} (33. Rc3 {Kortschnoj} Rb6
({Or} 33... f5 34. Ne5) 34. d5 {would render more practical chances to win the
game.}) 33... exd5 34. Nd4 $6 {Too passive.} (34. Re8+ Kf7 35. Rc8 $16 {
[%csl Rf7,Rg7] was correct, with an unpleasant attack.} (35. Rc8 {Kortschnoj}
f5 (35... Rb6 36. Rc7+ Kf8 37. Ne7 f5 {Well, after 37...f5 black is not in
danger...} (37... d4 38. f5)) 36. Rc7+ Kf8 37. b4 {with an idea Ra3.})) 34...
Rb8 {[%cal Yf6f5] The black king is now safe.} 35. f5 {This is a temporary
measure as the bishop comes out via f8.} Rdb6 36. Re6 (36. Rg3 Bf8 $1 37. fxg6
Bc5) 36... Bf8 37. Kf1 Bc5 38. Rxb6 Rxb6 39. Ne6 Bd6 40. Rxd5 gxf5 41. h3 Kf7
42. Nd4 Be5 1/2-1/2

[Event "Leonid Stein Memorial"]
[Site "Lvov"]
[Date "2000.05.15"]
[Round "4"]
[White "Beliavsky, Alexander G"]
[Black "Kortschnoj, Viktor Lvovich"]
[Result "1/2-1/2"]
[WhiteElo "2640"]
[BlackElo "2659"]
[Annotator "Golod,V"]
[PlyCount "65"]
[EventDate "2000.05.12"]
[EventType "tourn"]
[EventRounds "10"]
[EventCountry "UKR"]
[EventCategory "17"]
[SourceTitle "CBM 077"]
[Source "ChessBase"]
[SourceDate "2000.07.27"]
[SourceVersion "1"]
[SourceVersionDate "2000.07.27"]
[SourceQuality "1"]

1. d4 {Kortschnoj} Nf6 2. c4 e6 3. Nc3 Bb4 4. Qc2 O-O 5. a3 Bxc3+ 6. Qxc3 b6 7.
Bg5 Ba6 $5 8. Qf3 $5 {'!' Kortschnoj. Kortschnoj: 'It is not exactly a novelty,
but a new move. I have met it first time a couple of years ago in a training
game against J.Piket.'} (8. e3 $5 {It's main line.See comments to Gabriel,
C-Wells,P/Pulvermuehle,2000/CBM 75(1/2-1/2) (Golod,V)(22)}) ({Besides,white
has three options:} 8. Nf3) (8. Rc1) ({and} 8. f3 $6 {See comments to Golod,
V-Dgebuadze,A/ Hoogeveen,1998/CBM 68 (1-0)(Golod,V)(52)}) 8... Nc6 9. e3 Na5 $5
$146 {Interesting novelty of Viktor Kortschnoj.} ({Three times was checked in
the previous games:} 9... h6 $5 {See comments to Golod,V-Polgar,J/ISR,2000/CBM
77(1/2-1/2) (Golod,V) (19)}) 10. Rc1 $140 c5 11. d5 {Apparently,this
obligatory move. Differently,after:11...cxd4 12.exd4 Rc8 black has a strong
pressure on pawn"c4".} ({Leads to bad position for white:} 11. b4 $2 cxb4 12.
axb4 Nxc4 $1 13. Bxc4 (13. Rxc4 Bxc4 14. Bxc4 Rc8 15. Bxf6 Qxf6 16. Qxf6 gxf6
17. Be2 Rc1+ 18. Bd1 Rb1 $17 {[%csl Rb4]}) 13... Rc8 14. Bxf6 Qxf6 15. Qxf6
gxf6 16. Bxa6 Rxc1+ $17) 11... exd5 12. Bxf6 $1 {Kortschnoj: 'This is an exact
order of moves! After'} ({Black equalizes easily after:} 12. cxd5 $6 Bxf1 13.
Kxf1 {Kortschnoj: 'black could play'} (13. Bxf6 $2 Bxg2 $17) 13... Ne4 $1 {
[%csl Rf1,Rf3,Rg5][%cal Ge4d2,Ge4g5] '!?' Kortschnoj.} 14. Qxe4 (14. Bxd8 Nd2+
15. Ke2 Nxf3 {Kortschnoj: 'with an about equal endgame.'} 16. Nxf3 Raxd8 17. b4
Nb7 $11) 14... Qxg5 15. Nf3 Qf6 16. Rc3 $11 (16. Qe5 $6 Qxe5 17. Nxe5 Rfe8 18.
Nf3 (18. Nxd7 $4 Rad8 19. b4 Nb3 20. Rc3 Nd2+ 21. Ke2 Ne4 $19) 18... Re4 $36))
12... Qxf6 13. Qxf6 gxf6 14. cxd5 {[%mdl 16]} Bxf1 15. Kxf1 {Now Alexander
Beliavsky has a small positional advantage in the endgame. '+/=' Kortschnoj.}
Rfe8 16. Ne2 {[%csl Rd5,Ye2][%cal Ye2f4,Yf4d5]} ({In my opinion slight worse
is:} 16. Nf3 Re4 17. Ke2 (17. Nd2 Re5 18. e4 f5 $1 19. f4 Ree8 $13) 17... Rae8
$11) 16... Re5 17. Nf4 Nb3 $1 18. Rc3 $140 {Kortschnoj: 'It was more important
to protect the d-pawn. Now black will manage to solve his problems.'} ({
Possibly it would be a little better:} 18. Rc2) ({or} 18. Rd1) 18... c4 {
[%csl Yb3,Rc4]} 19. g4 {()} ({Impossibly:} 19. Rxc4 $4 {because of:} Nd2+)
19... b5 20. Kg2 (20. Nh5 {Kortschnoj} f5 21. h3 Kh8 22. Nf6 Kg7 23. g5 Nd2+
24. Kg2 Ne4 {- black is doing very well.}) 20... f5 21. h3 ({Can be
recommended:} 21. g5 $5 {+/=/=}) (21. g5 {Kortschnoj was more promising. After
several passive moves of white black seize some initiative.}) 21... Nc5 22. Rd1
$6 ({It deserves attention:} 22. Kf3) 22... fxg4 23. hxg4 f5 $1 {Make made the
game equal.} 24. gxf5 Rxf5 {'=/+' Kortschnoj.} 25. Rh1 {A little optimistic.
More safely would be:} (25. f3 $5 $11) 25... Raf8 {[%csl Rd5,Rf2,Yf4][%cal
Gc5d3]} 26. Rc2 Nd3 $1 {[%csl Rd5,Yf4][%cal Gd3f4] Black wants to exchange the
strong white's knight.} (26... a5 {Kortschnoj was suggested by Beliavsky as an
improvement...}) 27. Nxd3 cxd3 28. Rd2 $8 Rg5+ $1 ({Badly right away:} 28...
Rxd5 $2 {in view of:} 29. Rhd1 Rg5+ 30. Kf1 Rgf5 31. f4 $14) 29. Kf1 $8 ({
Loses immediately:} 29. Kh2 $4 Rf6 $19 {[%csl Rh2][%cal Gf6h6] (mate in next
move)}) ({and also} 29. Kh3 $4 Rf6 30. Kh4 Rg2 $1 {and mate in 2 moves:} 31.
Kh3 (31. Kh5 Kg7 {[%csl Rh5][%cal Gf6h6]} 32. Rxd3 Rh6#) 31... Rg7 {[%csl Rh3]
[%cal Gf6h6]} 32. Rxd3 Rh6#) 29... Rc8 {[%csl Rf1][%cal Gc8c1]} ({Leads to
draw:} 29... Rxd5 30. e4 Rd4 31. Rh3 Rxe4 32. Rhxd3 $11 {[%csl Rd7]}) 30. Rd1
$1 ({After:} 30. f4 $4 {black has a forced transition to winning pawns endgame:
} Rc1+ 31. Kf2 Rxh1 32. fxg5 Rh2+ 33. Ke1 Rxd2 34. Kxd2 Kg7 35. Kxd3 Kg6 36. e4
Kxg5 37. Ke3 Kf6 $1 $19 {[%csl Rd5,Re4,Gh7]}) 30... Rxd5 $6 (30... Rc2 $142 31.
Rh3 $140 Rf5 32. f4 Rxd5 33. e4 Rd4 34. Rdxd3 Rxe4 35. Rxd7 Rxf4+ 36. Kg1 $15 {
with good odds for draw.}) 31. Rh3 {[%csl Rd3][%cal Ge3e4]} d2 ({Also equality
after:} 31... Rc4 32. e4 $1 Rxe4 33. Rhxd3 Rxd3 34. Rxd3 Re7 35. Rd5 a6 36. Rd6
$11 {[%csl Ra6,Rb5]}) 32. Ke2 Rc2 33. Rf3 $1 {After this move Kortschnojl is
agreed for draw, because of next variants: Kortschnoj: 'Here black played'} (
33. Rf3 $1 {[%csl Gd1,Rg8][%cal Gd1g1]} Kg7 $5 {Kortschnoj: 'and draw was
agreed.'} (33... Kh8 34. b3 $44 {[%csl Rd2,Rh8]}) (33... h5 34. Rg1+ Kh7 35.
Rf7+ Kh6 36. Rf6+ Kh7 37. Rf7+ Kh8 38. Rf8+ $11) (33... Rd6 {Kortschnoj}) 34.
e4 (34. Rg1+ $2 Kh6 35. Rh1+ Kg6 36. Rg1+ Rg5 {=/+/-/+}) 34... Rd6 (34... Re5
35. Kd3 $1 Rc4 (35... Rxb2 $4 36. Kc3 Ra2 37. Kb3 $18 {[%csl Ra2]}) 36. Rf4 {
[%csl Rd2,Rg7][%cal Gd1g1]} d5 37. f3 $11) 35. Rd3 $1 Rxd3 36. Kxd3 Rc6 {
[%cal Gc6d6]} (36... Rxb2 $4 37. Kc3 Ra2 38. Kb3 {[%csl Ra2]}) 37. Ke3 $1 Rc2 (
37... Rd6 $6 38. e5 Re6 (38... Rd5 $2 39. Ke4 Rc5 40. Rxd2 $16) 39. f4 d6 40.
Ke4 $14) 38. Kd3 Rc6 39. Ke3 $11) 1/2-1/2